• 首页
  • 本馆介绍
  • 公告通知
  • 最新文献
  • 馆藏检索
  • 电子资源
  • 读者荐购
  • 参考咨询
  • CALIS
  • 我的图书馆
  • 登录
  • 详细信息显示
  • 放入我的书架
  • 预约/预借图书
  • 作者相关作品
  • 分类相关作品
  • 丛书相关作品
  • 出版社相关作品

书目信息

  • 表格格式
  • 工作单格式
  • 卡片格式
题名:
管理控制学
    
 
作者: 杜栋 编著
分册:  
出版信息: 北京   清华大学出版社  2006.02
页数: 239页
开本: 23cm
丛书名: 管理科学与工程专业研究生系列教材
单 册:
中图分类: C935
科图分类:
主题词: 管理控制--guan li kong zhi--研究生教育--教材
电子资源:
ISBN: 7-302-12240-7
 
 
 
 
 
000 00958nam 2200253 450
001 012006265297
005 20060914154246.15
010    @a7-302-12240-7@dCNY25.00
100    @a20060725d2006 km y0chiy0120 ea
101 0  @achi
102    @aCN@b110000
105    @aa a 000yy
200 1  @a管理控制学@Aguan li kong zhi xue@f杜栋编著@Fdu dong bian zhu
210    @a北京@c清华大学出版社@d2006.02
215    @a239页@c图@d23cm
225 2  @a管理科学与工程专业研究生系列教材@Aguan li ke xue yu gong cheng zhuan ye yan jiu sheng xi lie jiao cai
320    @a有书目 (第238-239页)
330    @a本书内容分为上、中、下三篇,上篇简要介绍管理控制的主要和重要理论基础;中篇讲述管理控制的核心内容和实际应用;下篇介绍二个管理控制专题。
410  0 @12001 @a管理科学与工程专业研究生系列教材
606 0  @a管理控制@Aguan li kong zhi@x研究生教育@j教材
690    @aC935@v4
701  0 @a杜栋@Adu dong@4编著
801  0 @aCN@bQSSK@c20060914
905    @a10447@dC935@eD812
    
    管理控制学/杜栋编著.-北京:清华大学出版社,2006.02
    239页:图;23cm.-(管理科学与工程专业研究生系列教材)
    
    
    ISBN 7-302-12240-7:CNY25.00
    本书内容分为上、中、下三篇,上篇简要介绍管理控制的主要和重要理论基础;中篇讲述管理控制的核心内容和实际应用;下篇介绍二个管理控制专题。
●
相关链接 在E读中查询图书 在当当中查询图书 在豆瓣中查询图书


正题名:管理控制学     索取号:C935/D812         预约/预借

序号 登录号 条形码 馆藏地/架位号 状态 备注
1 598317   205983177   社科库509/509社科库 66排1列6层/ [索取号:C935/D812] 在馆    
2 598318   205983186   社科库509/509社科库 66排1列6层/ [索取号:C935/D812] 在馆    
3 598319   205983195   社科库509/509社科库 66排1列6层/ [索取号:C935/D812] 在馆    
河南城建学院图书馆 欢迎您!
大连网信软件有限公司© 版权所有